000
00240 a2200097 4500
001
42891
100
_a
Azam Ikram
245
_a
Pakistanis geopolitical strategic compulsions
260
_a
Lahore
_b
Progressive pub
_c
090
_c
26778
_d
26778
942
_a
NUST-CAE
_c
M
_c
18644
999
_c
277964
_d
277964